डोळस भटकंती (Record no. 834910)

MARC details
000 -LEADER
fixed length control field 00541nam a2200169Ia 4500
008 - FIXED-LENGTH DATA ELEMENTS--GENERAL INFORMATION
fixed length control field 110201s9999 xx 000 0 und d
082 ## - DEWEY DECIMAL CLASSIFICATION NUMBER
Item number B9474
Classification number S 1810
100 ## - MAIN ENTRY--PERSONAL NAME
Personal name घाणेकर प्र.के.
245 ## - TITLE STATEMENT
Title डोळस भटकंती
260 ## - PUBLICATION, DISTRIBUTION, ETC. (IMPRINT)
Name of publisher, distributor, etc स्नेहल प्रकाशन
365 ## - TRADE PRICE
Price amount 225
600 ## - SUBJECT ADDED ENTRY--PERSONAL NAME
Personal name घाणेकर प्र.के.
630 ## - SUBJECT ADDED ENTRY--UNIFORM TITLE
Uniform title डोळस भटकंती
700 ## - ADDED ENTRY--PERSONAL NAME
Personal name घाणेकर प्र.के.
730 ## - ADDED ENTRY--UNIFORM TITLE
Uniform title डोळस भटकंती
942 ## - ADDED ENTRY ELEMENTS (KOHA)
Koha item type Book
Holdings
Withdrawn status Lost status Damaged status Not for loan Home library Current library Date acquired Cost, normal purchase price Total Checkouts Barcode Date last seen Cost, replacement price Price effective from Koha item type
        Prof.Manikrao Kirtane Vachanalaya, Vashi, Navi Mumbai Prof.Manikrao Kirtane Vachanalaya, Vashi, Navi Mumbai 02/01/2011 225.00   PMKV-B9474 02/01/2011 225.00 02/01/2011 Book